| 000 | 00911cam a22002411 4500 | ||
|---|---|---|---|
| 001 | sa 67005900 | ||
| 003 | DLC | ||
| 005 | 20260227112401.0 | ||
| 008 | 890801s1966 ii h 000 0 hino | ||
| 010 | _asa 67005900 | ||
| 035 | _a(OCoLC)20109740 | ||
| 040 |
_aDLC _cWaU _dNRU _dDLC |
||
| 042 | _apremarc | ||
| 050 | 0 | 0 |
_aK2095.R32 _bJ5 1966 |
| 100 | 0 |
_aRājasiṃha, _dactive 13th century. |
|
| 245 | 1 | 0 |
_aJiṇadatta-carita; _bādikālika Hindī kāvya. _cRacayitā Rājasiṃha. Sampādaka Mātāprasāda Gupta [tathā] Kastūracanda Kāslīvāla. |
| 260 |
_aJayapura, _bGaindīlāla Sāha, Mantrī, Prabandha Kāriṇī Kameṭī, Di. Jaina A. Kshetra Śrīmahāvīra Jī _c[1966] |
||
| 300 |
_a2, 39, 239 p. _bfascim. _c22 cm. |
||
| 440 | 0 |
_aŚrīmahāvīra granthamālā ; _vpushpa 11 |
|
| 500 | _aIn Hindi. | ||
| 700 | 1 |
_aGupta, Mātāprasāda, _d1909-1969. |
|
| 700 | 1 |
_aKasliwal, Kastoor Chand, _d1920- |
|
| 999 |
_c75537 _d75537 |
||